KOHA-Header-6

Molecules and medicine / (Record no. 13047)

000 -LEADER
fixed length control field 01601cam a22004214a 4500
001 - CONTROL NUMBER
control field 14931744
003 - CONTROL NUMBER IDENTIFIER
control field MAJU-Karachi
005 - DATE AND TIME OF LATEST TRANSACTION
control field 20210519104706.0
008 - FIXED-LENGTH DATA ELEMENTS--GENERAL INFORMATION
fixed length control field 070716s2007 njua b 001 0 eng
010 ## - LIBRARY OF CONGRESS CONTROL NUMBER
LC control number 2007028893
016 7# - NATIONAL BIBLIOGRAPHIC AGENCY CONTROL NUMBER
Record control number 101311897
Source DNLM
020 ## - INTERNATIONAL STANDARD BOOK NUMBER
International Standard Book Number 9780470227497 (pbk.)
020 ## - INTERNATIONAL STANDARD BOOK NUMBER
International Standard Book Number 0470227494 (pbk.)
035 ## - SYSTEM CONTROL NUMBER
System control number (OCoLC)ocn156819246
035 ## - SYSTEM CONTROL NUMBER
System control number (OCoLC)156819246
040 ## - CATALOGING SOURCE
Original cataloging agency DNLM/DLC
Transcribing agency DLC
Modifying agency NLM
-- BTCTA
-- BAKER
-- YDXCP
-- C#P
-- DLC
050 00 - LIBRARY OF CONGRESS CALL NUMBER
Classification number RM300
Item number .C67 2007
060 10 - NATIONAL LIBRARY OF MEDICINE CALL NUMBER
Classification number QV 38
Item number C797m 2007
082 00 - DEWEY DECIMAL CLASSIFICATION NUMBER
Classification number 615/.1
Edition number 22
100 1# - MAIN ENTRY--PERSONAL NAME
Personal name Corey, E. J.
245 10 - TITLE STATEMENT
Title Molecules and medicine /
Statement of responsibility, etc E.J. Corey, B. Czakó and L. Kürti.
260 ## - PUBLICATION, DISTRIBUTION, ETC. (IMPRINT)
Place of publication, distribution, etc Hoboken, N.J. :
Name of publisher, distributor, etc John Wiley & Sons,
Date of publication, distribution, etc c2007.
300 ## - PHYSICAL DESCRIPTION
Extent xii, 254 p. :
Other physical details ill. (some col.) ;
Dimensions 26 cm.
504 ## - BIBLIOGRAPHY, ETC. NOTE
Bibliography, etc Includes bibliographical references and index.
650 #0 - SUBJECT ADDED ENTRY--TOPICAL TERM
Topical term or geographic name as entry element Drugs.
650 #0 - SUBJECT ADDED ENTRY--TOPICAL TERM
Topical term or geographic name as entry element Molecules.
650 #0 - SUBJECT ADDED ENTRY--TOPICAL TERM
Topical term or geographic name as entry element Molecular biology.
650 12 - SUBJECT ADDED ENTRY--TOPICAL TERM
Topical term or geographic name as entry element Pharmaceutical Preparations.
650 22 - SUBJECT ADDED ENTRY--TOPICAL TERM
Topical term or geographic name as entry element Molecular Biology
General subdivision methods.
700 1# - ADDED ENTRY--PERSONAL NAME
Personal name Czakó, Barbara.
700 1# - ADDED ENTRY--PERSONAL NAME
Personal name Kürti, László,
Dates associated with a name 1973-
856 42 - ELECTRONIC LOCATION AND ACCESS
Materials specified Contributor biographical information
Uniform Resource Identifier <a href="http://www.loc.gov/catdir/enhancements/fy0739/2007028893-b.html">http://www.loc.gov/catdir/enhancements/fy0739/2007028893-b.html</a>
856 42 - ELECTRONIC LOCATION AND ACCESS
Materials specified Publisher description
Uniform Resource Identifier <a href="http://www.loc.gov/catdir/enhancements/fy0739/2007028893-d.html">http://www.loc.gov/catdir/enhancements/fy0739/2007028893-d.html</a>
856 41 - ELECTRONIC LOCATION AND ACCESS
Materials specified Table of contents only
Uniform Resource Identifier <a href="http://www.loc.gov/catdir/enhancements/fy0739/2007028893-t.html">http://www.loc.gov/catdir/enhancements/fy0739/2007028893-t.html</a>
906 ## - LOCAL DATA ELEMENT F, LDF (RLIN)
a 7
b cbc
c orignew
d 1
e ecip
f 20
g y-gencatlg
942 ## - ADDED ENTRY ELEMENTS (KOHA)
Source of classification or shelving scheme
Koha item type Bio Science
Holdings
Withdrawn status Lost status Source of classification or shelving scheme Damaged status Not for loan Collection code Permanent Location Current Location Shelving location Date acquired Full call number Barcode Date last seen Price effective from Koha item type
&nbsp; &nbsp; &nbsp; &nbsp; &nbsp; Bio Sciences MAJU MAJU Shelf No.A37 2021-05-19 615/.1 10149 2021-05-19 2021-05-19 Bio Science

Powered by Koha